000 00441nam a22001577a 4500
003 MPLRDC
005 20220104144340.0
008 210129b ||||| |||| 00| 0 eng d
082 _a121.6 LDFJ v.2
100 _a上海市历代法家著作选注编辑组编
245 _a历代法家著作选注. 第二册
_c
260 _a
_b上海人民出版社
_c1975
300 _b
650 _a先秦哲学--法家
942 _cBK
_o121.6 LDFJ v.2
999 _c48760
_d48750